000 00809nam a2200265 i 4500
001 000029785
003 DO-SdBNP
005 20250217090412.0
007 ta
008 110425s1987 dr a r 000 0 spa d
040 _aDO-SdBNP
_bspa
_cBNPHU
_erda
041 _hspa
082 _axxx
_bA485n
_222
100 1 _aAmarante, Héctor
_d1944-
_eautor
_933432
245 1 0 _aEsquema para el estudio de la novela dominicana /
_cHector Amarante.
264 _aSanto Domingo :
_bAnea,
_c1987.
300 _a36 páginas :
_bilustraciones ;
_c20 cm.
336 _ardacontent
_btexto
_2txt
337 _ardamedia
_bsin mediación
_2n
338 _ardacarrier
_bvolumen
_2nc
500 _aIncluye datos biográficos del autor en la contracubierta.
590 _aInventariado, 2025/DG
910 _aDG
942 _2ddc
_cLBS1
999 _c29277
_d29277